| 000 | 01435nam0a2200301 4500 | ||
|---|---|---|---|
| 001 | RU\NLR\BIBL_A\011463198 | ||
| 005 | 20250626072045.0 | ||
| 035 | _a(NLR Aleph) 011463198 | ||
| 090 |
_a11813679 _c11813679 |
||
| 100 | _a20170828d1958 |||y0rusy50 ca | ||
| 101 | 0 | _asah | |
| 102 | _aRU | ||
| 105 | _aa z 000 y | ||
| 181 | 0 |
_ai _baxxe |
|
| 182 | 0 | _an | |
| 200 | 1 |
_aАрифметика _eнач. оскуола 1-гы кылааһыгар үѳрэнэр кинигэ _fА. С. Пчёлко уонна Г. Б. Поляк _gРСФСР пед. наукаларын акад. |
|
| 203 |
_aТекст _bвизуальный _cнепосредственный |
||
| 210 |
_aЯкутскай _cСаха сиринээҕи кинигэ изд-вота _d1958 |
||
| 215 |
_a147, [1] с. _cил. _d26 _e1 л. разрез. азбуки |
||
| 541 | 1 |
_aАрифметика _eдля 1-го кл. нач. шк. _zrus |
|
| 606 | 1 |
_aАрифметика _jУчебные издания для начальной школы _91005829 _3RU\NLR\AUTH\6664428 |
|
| 686 | 1 | _aВ10 я71 | |
| 700 | 1 |
_4070 _7ca _8rus _aПчёлко _bА. С. _f1890-1981 _gАлександр Спиридонович _9215713 _3RU\NLR\AUTH\770215769 |
|
| 701 | 1 |
_4070 _7ca _8rus _aПоляк _bГ. Б. _f1894- _gГригорий Борисович _9223415 _3RU\NLR\AUTH\770223471 |
|
| 852 |
_aNLR _bОНЛ _jЯкут./4-71 |
||
| 942 | _cBOOK | ||
| 980 | _aNB | ||